Statistiques concernant Les départements qui comptent le plus d'ovins

Cliquez ici pour prendre le quiz!

Statistiques générales

  • Ce quiz a été pris 28 fois
  • Le résultat moyen est 5 sur 10

Statistiques - réponses

#département% Correct
928Aveyron
68%
273Lot
68%
666Pyrénées-Atlantiques
64%
247Hautes-Alpes
57%
324Tarn
57%
194Vienne
54%
194Alpes-de-Haute-Provence
50%
256Haute-Vienne
46%
199Deux-Sèvres
36%
203Bouches-du-Rhône
18%

Distribution des résultats

Percentile par nombre de réponses

% des personnes avec chaque résultat

Votre développement - résultats

Vous n’avez pas pris ce quiz